| 000 | 00463nam a22001697a 4500 | ||
|---|---|---|---|
| 008 | 230316b |||||||| |||| 00| 0 eng d | ||
| 040 |
_aNational Science Library _cNational Science Library |
||
| 080 |
_aD 543.061 _bL1 |
||
| 100 |
_aAlexeyev, V N _93342 |
||
| 245 | _aQualitative analysis | ||
| 260 |
_aMoscow: _bMir Publishers, _c1971 |
||
| 300 | _a563p. | ||
| 650 | _aResearch | ||
| 653 | _aAnalysis | ||
| 700 | _aUvarov, E B (trans.) | ||
| 942 |
_2udc _cBK |
||
| 999 |
_c10015 _d10015 |
||